| 000 | 00917nam a22002657a 4500 | ||
|---|---|---|---|
| 005 | 20230512222846.0 | ||
| 008 | 190228t xxu||||| |||| 00| 0 eng d | ||
| 020 | _a9789719595403 | ||
| 040 | _cCSPC | ||
| 082 | 0 |
_a959.91 _bG319l |
|
| 100 |
_aGerona, Danilo Madrid, _eauthor. |
||
| 245 | 0 | 0 |
_aLa cuidad de Nueva Caceres _bthe rise of a sixteenth century Spanish City/ _cDanilo Madrid Gerona |
| 260 |
_aPhilippines: _bGalleon Publisher, _c2014. |
||
| 300 |
_axiv, 207 pages: _bimages; _c21 cm. |
||
| 336 |
_2rdacontent _atext |
||
| 337 |
_2rdamedia _aunmediated |
||
| 338 |
_2rdacarrier _avolume |
||
| 504 | _aIncludes Bibliography pages (197-204). | ||
| 650 | 1 | 0 |
_aNaga City (Philippines) _xHistory. |
| 650 | 1 | 0 |
_aPhilippines _xNueva Caceres. |
| 940 | _aLenie | ||
| 942 |
_cBOOK _jBKL 959.91 G319l 2014 |
||
| 999 |
_c6912 _d6912 |
||